| 000 | 00886nam a2200253 i 4500 | ||
|---|---|---|---|
| 001 | bg | ||
| 245 | 0 | 0 |
_aKapitał ludzki w gospodarce opartej na wiedzy / _cpod red. Danuty Kopycińskiej ; Katedra Mikorekonomii. Uniwersytet Szczeciński. |
| 260 |
_aSzczecin : _bKatedra Mikroekonomii Uniwersytetu Szczecińskiego, _c2006. |
||
| 300 |
_a166 s. : _bwykr. ; _c24 cm. |
||
| 490 | 1 | _aLibrary of Economics & Competition Policy | |
| 504 | _aBibliogr. przy rozdz. | ||
| 650 | 9 | _aGospodarka oparta na wiedzy | |
| 650 | 9 |
_aSiła robocza _zPolska _yod 1989 r. |
|
| 651 | 9 |
_aPolska _xgospodarka |
|
| 700 | 1 |
_aKOPYCIŃSKA, Danuta. _eRed. |
|
| 830 | _aLibrary of Economics & Competition Policy | ||
| 020 | _a8360065713 | ||
| 040 | _cBPK | ||
| 041 | 0 | _apol | |
| 080 | _a338.22:331.5](438)"1989/..." | ||
| 920 | _a83-60065-71-3 | ||
| 942 | _cKS | ||
| 008 | s pl f |000 0 pol | ||
| 999 |
_c53673 _d53673 |
||
| 856 |
_uhttp://koha.tu.koszalin.pl/cgi-bin/koha/opac-detail.pl?biblionumber=53673 _yKatalog online BPK |
||